000 00612cam a2200229 a 4500
001 1000618
005 20180314104502.0
008 861217s1986 kyua c 001 0 eng
010 _a 86233125
020 _a0891453075
040 _aDLC
_cDLC
_dDLC
041 _aeng
043 _an-us-oh
080 _a748.2917154 nel
082 0 0 _a748.2917154 nel
_219
100 1 _a45
101 _aart
245 1 4 _aThe collector's encyclopedia of Heisey glass, 1925-1938 /
_cNeila Bredehoft.
740 0 _aHeisey glass, 1925-1938.
906 _a7
_bcbc
_corignew
_d2
_encip
_f19
_gy-gencatlg
942 _2ddc
_cBK
999 _c45063
_d45063